[Event "Game for Peace"]
[Site "SchemingMind.com"]
[Date "2016.01.13"]
[Round "-"]
[White "Scooter"]
[Black "emvarela"]
[Result "0-1"]
[WhiteCountry "USA"]
[BlackCountry "ARG"]
[WhiteElo "1710"]
[WhiteRD "48"]
[BlackElo "1658"]
[BlackRD "48"]
[GameID "393516"]

1. d4 Nf6 2. Bf4 e6 3. Nf3 d5 4. e3 Bd6 5. Bxd6 Qxd6 6. c3 O-O 7. Be2 Nbd7 8. O-O c5 9. Nbd2 cxd4 10. cxd4 a6
11. Rc1 e5 12. dxe5 Nxe5 13. a3 Rd8 14. b4 Nxf3+ 15. Nxf3 Be6 16. Nd4 Rac8 17. Qb3 Rxc1 18. Rxc1 Rc8 19. Rxc8+ Bxc8 20. Qc2 Be6
21. h3 g6 22. Nxe6 Qxe6 23. b5 axb5 24. Bxb5 Ne4 25. Qc7 b6 26. Qd8+ Kg7 27. Bd7 Qf6 28. Qxf6+ Kxf6 29. Bc6 Nc3 30. Kf1 Ke5
31. Ke1 f5 32. Kd2 Ne4+ 33. Ke2 d4 34. exd4+ Kxd4 35. a4 h6 36. h4 g5 37. hxg5 hxg5 38. Bxe4 Kxe4 39. Kd2 Kd4 40. g3 Kc4
41. f3 Kb4 42. f4 gxf4 43. gxf4 Kxa4
0-1

[Event "Game for Peace"]
[Site "SchemingMind.com"]
[Date "2016.01.13"]
[Round "-"]
[White "emvarela"]
[Black "Scooter"]
[Result "0-1"]
[WhiteCountry "ARG"]
[BlackCountry "USA"]
[WhiteElo "1658"]
[WhiteRD "48"]
[BlackElo "1710"]
[BlackRD "48"]
[GameID "393517"]

1. e4 c6 2. d4 d5 3. Nc3 dxe4 4. Nxe4 Bf5 5. Ng3 Bg6 6. h4 h6 7. Nf3 Nd7 8. h5 Bh7 9. Bd3 Bxd3 10. Qxd3 Qc7
11. Bd2 O-O-O 12. O-O-O Ngf6 13. Ne4 Nxe4 14. Qxe4 Nf6 15. Bf4 Nxe4 16. Bxc7 Nxf2 17. Bxd8 Nxd1 18. Bxe7 Nf2 19. Re1 Ng4 20. Bxf8 Rxf8
21. Kd2 Kd8 22. Ne5 Nxe5 23. Rxe5 Re8 24. Rxe8+ Kxe8 25. Ke3 Ke7 26. Kf4 Ke6 27. c4 b6 28. g4 g6 29. b4 gxh5 30. gxh5 a5
31. a3 axb4 32. axb4 b5 33. cxb5 cxb5 34. Ke4 Kd6 35. d5 f6 36. Kf5 Kxd5 37. Kg6 Ke6 38. Kxh6 Kf7 39. Kh7 f5 40. h6 f4
41. Kh8 f3 42. h7 Ke6 43. Kg7 f2 44. h8=Q f1=Q 45. Qh6+ Ke7 46. Qh4+ Ke6 47. Qg4+ Qf5 48. Qd4 Qf7+ 49. Kh6 Qf6+ 50. Qxf6+ Kxf6
0-1

[Event "Game for Peace"]
[Site "SchemingMind.com"]
[Date "2016.01.09"]
[Round "-"]
[White "Holty"]
[Black "Phillip Beckett"]
[Result "1-0"]
[WhiteCountry "ENG"]
[BlackCountry "ENG"]
[WhiteElo "1781"]
[WhiteRD "63"]
[BlackElo "1580"]
[BlackRD "48"]
[GameID "393549"]

1. d4 d5 2. Nf3 Nf6 3. e3 e6 4. Bd3 c5 5. b3 Nc6 6. O-O Be7 7. Bb2 cxd4 8. exd4 O-O 9. Nbd2 Bd7 10. a3 Qc7
11. Ne5 Rac8 12. f4 g6 13. c4 dxc4 14. bxc4 Bd6 15. Nxc6 Bxc6 16. d5 exd5 17. Bxf6 Rfe8 18. a4 Bxf4 19. Nf3 dxc4 20. Bc2 Bd6
21. Re1 Rxe1+ 22. Qxe1 Re8 23. Qh4 Bf8 24. Qxc4 Qb6+ 25. Bd4 Qd8 26. Ne5 Rxe5 27. Bxe5 Bd5 28. Qc3 Qg5 29. Bg3 Bc6 30. Re1 Bg7
31. Qe3 Qd5 32. Be4
1-0

[Event "Game for Peace"]
[Site "SchemingMind.com"]
[Date "2016.01.09"]
[Round "-"]
[White "Phillip Beckett"]
[Black "Holty"]
[Result "1-0"]
[WhiteCountry "ENG"]
[BlackCountry "ENG"]
[WhiteElo "1580"]
[WhiteRD "48"]
[BlackElo "1781"]
[BlackRD "63"]
[GameID "393550"]

1. d4 d5 2. e3 c5 3. c3 e6 4. f4 Nc6 5. Nf3 Nf6 6. Bd3 Qc7 7. Ne5 cxd4 8. exd4 Bd6 9. O-O Bd7 10. Nd2 Ne7
11. Ndf3 h6 12. Nxd7 Nxd7 13. Ne5 Bxe5 14. fxe5 f6 15. Qh5+ Kd8 16. Qf7 g5 17. exf6 Rf8 18. fxe7+
1-0

[Event "Game for Peace"]
[Site "SchemingMind.com"]
[Date "2016.01.17"]
[Round "-"]
[White "Quaff"]
[Black "The Capitalist"]
[Result "1-0"]
[WhiteCountry "ENG"]
[BlackCountry "USA"]
[WhiteElo "1671"]
[WhiteRD "66"]
[BlackElo "1383"]
[BlackRD "93"]
[GameID "393898"]

1. e4 c5 2. f4 e6 3. Nf3 Nc6 4. Bb5 Nge7 5. O-O a6 6. Bxc6 Nxc6 7. c3 d5 8. e5 Be7 9. d3 O-O 10. Be3 h6
11. Nbd2 d4 12. cxd4 cxd4 13. Bf2 Bc5 14. Ne4 Be7 15. b3 Qd5 16. Nfd2 Bd7 17. Nc4 f5 18. Ng3 Bc5 19. Be1 Nb4 20. Bxb4 Bxb4
21. Nb6 Bc6 22. Nxd5 Bxd5 23. Kh1 g6 24. Rc1 b6 25. Ne2 Bc5 26. Ra1 a5 27. Qe1 Rac8 28. Qh4 h5 29. Qg5 Kg7 30. Ng3 Rc7
31. Nxh5+ Kf7 32. Qf6+ Kg8 33. Qxg6+
1-0

[Event "Game for Peace"]
[Site "SchemingMind.com"]
[Date "2016.01.17"]
[Round "-"]
[White "The Capitalist"]
[Black "Quaff"]
[Result "0-1"]
[WhiteCountry "USA"]
[BlackCountry "ENG"]
[WhiteElo "1383"]
[WhiteRD "93"]
[BlackElo "1671"]
[BlackRD "66"]
[GameID "393899"]

1. e4 e5 2. Nf3 d6 3. d4 exd4 4. Nxd4 h6 5. Bc4 Nf6 6. Nc3 Be7 7. f3 Bd7 8. O-O Nc6 9. Nxc6 Bxc6 10. Re1 O-O
11. e5 Nh7 12. exd6 Bxd6 13. a3 Qh4 14. Bd5 Rad8 15. g3 Qh5 16. Bxc6 Qc5+ 17. Be3 Qxc6 18. Bxa7 b6 19. Qd5 Bc5+ 20. Kg2 Rxd5
21. Nxd5 Qxd5 22. Rad1 Qb7 23. Bxb6 Bxb6 24. Re2 Ng5 25. Rd3 Qc6 26. Rf2 Bxf2 27. Kxf2 Re8 28. c3 Qe6 29. Rd2 Qe3+
0-1

[Event "Game for Peace"]
[Site "SchemingMind.com"]
[Date "2016.01.21"]
[Round "-"]
[White "woodpr"]
[Black "clare1347"]
[Result "0-1"]
[WhiteCountry "ENG"]
[BlackCountry "ENG"]
[WhiteElo "1470"]
[WhiteRD "93"]
[BlackElo "2308"]
[BlackRD "91"]
[GameID "394165"]

1. e4 d5 2. Nc3 d4 3. Nge2 dxc3 4. Nxc3 e5 5. Bc4 Nf6 6. d3 Nc6 7. a3 Bd6 8. Be3 O-O 9. Nd5 Ng4 10. h3 Nxe3
11. Nxe3 Bd7 12. c3 Qg5 13. Qf3 Qf4 14. Qe2 Ne7 15. g3 Qf6 16. O-O-O b5 17. Bb3 c5 18. c4 Nc6 19. Nc2 b4 20. axb4 Nxb4
21. Nxb4 cxb4 22. Rdf1 a5 23. Qe3 a4 24. c5 Bxc5 25. d4 Bxd4 26. Qd2 axb3 27. Kb1 Qa6
0-1

[Event "Game for Peace"]
[Site "SchemingMind.com"]
[Date "2016.01.21"]
[Round "-"]
[White "clare1347"]
[Black "woodpr"]
[Result "1-0"]
[WhiteCountry "ENG"]
[BlackCountry "ENG"]
[WhiteElo "2303"]
[WhiteRD "86"]
[BlackElo "1472"]
[BlackRD "102"]
[GameID "394166"]

1. d4 d5 2. c4 e6 3. Nc3 Nf6 4. cxd5 exd5 5. Bg5 Be7 6. e3 O-O 7. Bd3 c6 8. Qc2 Qd6 9. Nge2 Bd7 10. O-O Ng4
11. Bf4 Qf6 12. Bxh7+ Kh8 13. Bd3 g5 14. f3 gxf4 15. fxg4 Bxg4 16. Nxf4 Qg5 17. Qb3 b6 18. e4 Rg8 19. exd5 Bd6 20. Ne4 Qe7
21. Nxd6 Qxd6 22. dxc6 Nxc6 23. Qxf7 Qh6 24. Ng6+
1-0

[Event "Game for Peace"]
[Site "SchemingMind.com"]
[Date "2016.01.25"]
[Round "-"]
[White "Andrea Carra"]
[Black "Timaeus"]
[Result "1-0"]
[WhiteCountry "ITA"]
[BlackCountry "JPN"]
[WhiteElo "2052"]
[WhiteRD "126"]
[BlackElo "1339"]
[BlackRD "70"]
[GameID "394398"]

1. e4 c5 2. Nf3 d6 3. d4 cxd4 4. Nxd4 e5 5. Bb5+ Bd7 6. Bxd7+ Nxd7 7. Nf5 g6 8. Nxd6+ Bxd6 9. Qxd6 Qb6 10. Qxb6 Nxb6
11. Nc3 Nf6 12. O-O Rd8 13. Bg5 Rd6 14. Rad1 Rxd1 15. Rxd1 O-O 16. Bxf6 Re8 17. Rd8 Rf8 18. Rxf8+ Kxf8 19. Bxe5 Nd7 20. Bd4 b6
21. Nb5 a6 22. Nc7 a5 23. a4 Ke7 24. Nd5+ Kf8 25. Bxb6 Nxb6 26. Nxb6
1-0

[Event "Game for Peace"]
[Site "SchemingMind.com"]
[Date "2016.01.26"]
[Round "-"]
[White "Timaeus"]
[Black "Andrea Carra"]
[Result "0-1"]
[WhiteCountry "JPN"]
[BlackCountry "ITA"]
[WhiteElo "1339"]
[WhiteRD "70"]
[BlackElo "2052"]
[BlackRD "126"]
[GameID "394399"]

1. e4 e5 2. Nf3 Nc6 3. Bc4 Bc5 4. O-O Nf6 5. Bxf7+ Kxf7 6. Ng5+ Ke7 7. d3 h6 8. Nf3 d6 9. Be3 Bg4 10. h3 Bxf3
11. Qxf3 Qd7 12. Bxc5 dxc5 13. Nc3 Raf8 14. Qg3 g5 15. Rad1 g4 16. hxg4 Qxg4 17. Nd5+ Ke6 18. Nxc7+ Kd7 19. Qxg4+ Nxg4 20. Nd5 Nd4
0-1

[Event "Game for Peace"]
[Site "SchemingMind.com"]
[Date "2016.01.27"]
[Round "-"]
[White "Wojtek26"]
[Black "VLNT_1"]
[Result "1-0"]
[WhiteCountry "POL"]
[BlackCountry "USA"]
[WhiteElo "1540"]
[WhiteRD "62"]
[BlackElo "1087"]
[BlackRD "107"]
[GameID "394609"]

1. d4 d5 2. c4 e6 3. e3 Qd6 4. Nf3 Bd7 5. Bd3 Nc6 6. c5 Qe7 7. O-O O-O-O 8. Ne5 Nb4 9. a3 Nc6 10. Nxc6 bxc6
11. Ba6+ Kb8 12. Qb3+ Ka8 13. Qb7#
1-0

[Event "Game for Peace"]
[Site "SchemingMind.com"]
[Date "2016.01.29"]
[Round "-"]
[White "VLNT_1"]
[Black "Wojtek26"]
[Result "0-1"]
[WhiteCountry "USA"]
[BlackCountry "POL"]
[WhiteElo "1087"]
[WhiteRD "107"]
[BlackElo "1540"]
[BlackRD "62"]
[GameID "394610"]

1. Nc3 e5 2. e4 Nf6 3. Qe2 Bb4 4. a3 Bxc3 5. dxc3 O-O 6. Bd2 Nc6 7. O-O-O b6 8. h3 d6 9. f3 Bb7 10. Qc4 Qe7
11. g4 Na5 12. Qb5 Bc6 13. Qe2 Qe6 14. g5 Nh5 15. Qf2 Qa2 16. b3 Qa1#
0-1

[Event "Game for Peace"]
[Site "SchemingMind.com"]
[Date "2016.02.03"]
[Round "-"]
[White "abuteague"]
[Black "David Perna-Fraser"]
[Result "0-1"]
[WhiteCountry "USA"]
[BlackCountry "CAN"]
[WhiteElo "1619"]
[WhiteRD "73"]
[BlackElo "2344"]
[BlackRD "63"]
[GameID "394976"]

1. d4 Nf6 2. Bg5 c5 3. Bxf6 gxf6 4. d5 Qb6 5. Qc1 Bg7 6. Nf3 f5 7. c3 d6 8. Nbd2 Nd7 9. e3 Nf6 10. c4 Ng4
11. Rb1 f4 12. e4 Rg8 13. b3 Qa5 14. Qc2 Bc3 15. g3 Ne3 16. Qd3 Nxf1 17. Kxf1 Bh3+ 18. Ke2 Bg4
0-1

[Event "Game for Peace"]
[Site "SchemingMind.com"]
[Date "2016.02.03"]
[Round "-"]
[White "David Perna-Fraser"]
[Black "abuteague"]
[Result "1-0"]
[WhiteCountry "CAN"]
[BlackCountry "USA"]
[WhiteElo "2344"]
[WhiteRD "63"]
[BlackElo "1619"]
[BlackRD "73"]
[GameID "394977"]

1. e4 c6 2. d4 d5 3. Nc3 dxe4 4. Nxe4 Bf5 5. Ng3 Bg6 6. h4 h6 7. h5 Bh7 8. Nf3 e6 9. Bd3 Bxd3 10. Qxd3 Nf6
11. Bd2 Be7 12. O-O-O b5 13. Ne5 O-O 14. Ne4 a5 15. Rh3 b4 16. Rg3 Nxe4 17. Qxe4 Bf6 18. Bxh6 Kh8 19. Bxg7+ Bxg7 20. h6 Bf6
21. Qg4 Rg8 22. Nxf7+
1-0

[Event "Game for Peace"]
[Site "SchemingMind.com"]
[Date "2016.02.04"]
[Round "-"]
[White "dadshane2000"]
[Black "frankly"]
[Result "1/2-1/2"]
[WhiteCountry "USA"]
[BlackCountry "ENG"]
[WhiteElo "1948"]
[WhiteRD "87"]
[BlackElo "2439"]
[BlackRD "55"]
[GameID "395006"]

1. e4 c5 2. Nf3 Nc6 3. Bb5 g6 4. Bxc6 dxc6 5. d3 Bg7 6. h3 Nf6 7. Nc3 O-O 8. O-O Nd7 9. Be3 e5 10. Qd2 Re8
11. Nh2 Qe7 12. Bh6 Nf8 13. Bxg7 Kxg7 14. Ne2 f6 15. f4 exf4 16. Nxf4 Ne6 17. Nxe6+ Bxe6 18. Qc3 Rf8 19. Nf3 c4 20. dxc4 Qc5+
21. Kh1 Qxc4 22. Qxc4 Bxc4 23. Rfe1 c5 24. b3 Bb5 25. e5 Rfe8 26. exf6+ Kxf6 27. Rad1 Rxe1+ 28. Rxe1 Re8 29. Rxe8=
1/2-1/2

[Event "Game for Peace"]
[Site "SchemingMind.com"]
[Date "2016.02.04"]
[Round "-"]
[White "frankly"]
[Black "dadshane2000"]
[Result "1-0"]
[WhiteCountry "ENG"]
[BlackCountry "USA"]
[WhiteElo "2439"]
[WhiteRD "55"]
[BlackElo "1948"]
[BlackRD "87"]
[GameID "395007"]

1. d4 g6 2. c4 Nf6 3. Nc3 Bg7 4. e4 d6 5. Nf3 O-O 6. Be2 e5 7. O-O Nc6 8. d5 Ne7 9. b4 Nh5 10. Re1 f5
11. Rb1 Nf6 12. Bd3 f4 13. c5 a5 14. cxd6 cxd6 15. bxa5 Rxa5 16. Ng5 b6 17. Qb3 Ba6 18. Ne6 Qb8 19. Bxa6 Rxa6 20. Nb5 Rc8
21. Ba3 Ne8 22. Qh3 Rc2 23. Ng5 Qc8 24. Qxh7+ Kf8 25. Bxd6 Raxa2 26. Bxe5 Rxf2 27. Bxg7+ Nxg7 28. Qh8+ Ng8 29. Nh7+
1-0

[Event "Game for Peace"]
[Site "SchemingMind.com"]
[Date "2016.02.05"]
[Round "-"]
[White "Clive Everill"]
[Black "Jari Laine"]
[Result "0-1"]
[WhiteCountry "CZE"]
[BlackCountry "FIN"]
[WhiteElo "1697"]
[WhiteRD "62"]
[BlackElo "2216"]
[BlackRD "95"]
[GameID "395063"]

1. d4 c6 2. e4 d6 3. f4 Qc7 4. Nc3 Nf6 5. e5 Bg4 6. Be2 Bxe2 7. Qxe2 Nd5 8. Nxd5 cxd5 9. Nf3 Nc6 10. O-O g6
11. Bd2 e6 12. a3 Qb6 13. Bc3 Bh6 14. g3 O-O 15. exd6 Rfd8 16. b4 Bg7 17. Rfd1 a6 18. Ne5 Rac8 19. d7 Rc7 20. Kh1 Nxe5
21. fxe5 Rxc3 22. Rd3 Qc6 23. Rc1 Rxd7 24. h4 Bh6 25. Rxc3 Qxc3 26. Rf1 Qxg3 27. h5 Qh3+ 28. Kg1 Be3+
0-1

[Event "Game for Peace"]
[Site "SchemingMind.com"]
[Date "2016.02.05"]
[Round "-"]
[White "Jari Laine"]
[Black "Clive Everill"]
[Result "1-0"]
[WhiteCountry "FIN"]
[BlackCountry "CZE"]
[WhiteElo "2216"]
[WhiteRD "95"]
[BlackElo "1697"]
[BlackRD "62"]
[GameID "395064"]

1. e4 d6 2. d4 Nc6 3. Nf3 Nf6 4. Nc3 g6 5. d5 Nb8 6. Be2 Bg7 7. h3 O-O 8. Be3 c6 9. O-O Nbd7 10. Re1 a6
11. a4 cxd5 12. exd5 Qa5 13. Bd4 Nc5 14. Nd2 Bf5 15. g4 Bd7 16. b4 Qxb4 17. Nc4 Bxa4 18. Rb1 Bb3 19. cxb3 b5 20. Na2 Qxe1+
21. Qxe1 bxc4 22. Bxc4 Nce4 23. Nc3 Nxc3 24. Qxc3 Ne4 25. Qe3 Bxd4 26. Qxd4 Nf6 27. Qe3 Rfe8 28. g5 Nh5 29. Ra1 a5 30. Bb5 Red8
31. Qxe7 Nf4 32. Bc6 Rab8 33. Ra4 Nxh3+ 34. Kg2 Nxg5 35. Qxg5 Rf8 36. Rxa5 Rxb3 37. Ra8
1-0

[Event "Game for Peace"]
[Site "SchemingMind.com"]
[Date "2016.02.07"]
[Round "-"]
[White "kenneth m day"]
[Black "redmike"]
[Result "1-0"]
[WhiteCountry "USA"]
[BlackCountry "SCO"]
[WhiteElo "1699"]
[WhiteRD "51"]
[BlackElo "1907"]
[BlackRD "65"]
[GameID "395109"]

1. e4 c5 2. d4 cxd4 3. c3 d3 4. Bxd3 Nc6 5. Nf3 g6 6. Bg5 Bg7 7. Nbd2 d6 8. O-O Nf6 9. Re1 O-O 10. Rc1 h6
11. Bf4 e5 12. Be3 Be6 13. h3 Qd7 14. Qe2 Nh5 15. Rcd1 Nf4 16. Bxf4 exf4 17. Nc4 b5 18. Ncd2 b4 19. c4 Ne5 20. Nxe5 dxe5
21. Nf3 Qe7 22. b3 g5 23. Nh2 a5 24. Qh5 a4 25. Be2 axb3 26. axb3 Rfd8 27. Ng4 Kh7 28. Nh2 Rd4 29. Bg4 Ra2 30. Nf3 Rxd1
31. Rxd1 Qa7 32. Rd2 Rxd2 33. Nxd2 Qa1+ 34. Kh2 Bxg4 35. Qxg4 Qb2 36. Qf5+ Kg8 37. Qc8+ Bf8 38. Nf3
1-0

[Event "Game for Peace"]
[Site "SchemingMind.com"]
[Date "2016.02.08"]
[Round "-"]
[White "redmike"]
[Black "kenneth m day"]
[Result "1-0"]
[WhiteCountry "SCO"]
[BlackCountry "USA"]
[WhiteElo "2125"]
[WhiteRD "73"]
[BlackElo "1701"]
[BlackRD "52"]
[GameID "395110"]

1. d4 d5 2. c4 Nc6 3. Nc3 dxc4 4. d5 Ne5 5. Nf3 Nxf3+ 6. gxf3 Nf6 7. e4 e6 8. Bxc4 Bd6 9. Bb5+ Bd7 10. dxe6 Bxb5
11. exf7+ Ke7 12. Nxb5 Kxf7 13. Nxd6+ Qxd6 14. Qxd6 cxd6 15. Bf4 Rad8 16. Rc1 Rc8 17. Ke2 Ke7 18. Rhd1 Rxc1 19. Rxc1 Rd8 20. Kd3 Rd7
21. Kd4 Ke6 22. Bg5 h6 23. Bxf6 gxf6 24. Rc8 Rh7 25. f4 b6 26. Ra8 h5 27. f5+
1-0

[Event "Game for Peace"]
[Site "SchemingMind.com"]
[Date "2016.02.14"]
[Round "-"]
[White "DANDYLIONHONEYBADGER"]
[Black "klapa"]
[Result "0-1"]
[WhiteCountry "USA"]
[BlackCountry "POL"]
[WhiteElo "1331"]
[WhiteRD "62"]
[BlackElo "1370"]
[BlackRD "83"]
[GameID "395197"]

1. Nc3 c5 2. b3 d5 3. e4 d4 4. Na4 e5 5. d3 Bd6 6. Ba3 Nf6 7. Be2 O-O 8. Nf3 Nc6 9. c3 dxc3 10. Nxc3 b5
11. Nxb5 Ba6 12. O-O Bxb5 13. Nh4 a5 14. Nf5 a4 15. Nxd6 Qxd6 16. Bb2 axb3 17. axb3 Rxa1 18. Bxa1 Ne7 19. Qd2 Bd7 20. Bb2 Ne8
21. Ba3 Qg6 22. Bxc5 Bh3 23. Bf3 Nf6 24. Bxe7 Re8 25. Bxf6 Qxf6 26. gxh3 Qd8 27. Rd1 h6 28. Bh5 Re6 29. Qb4 Rb6 30. Qc4 Rb7
31. Ra1 Qg5+ 32. Bg4 Rb8 33. Qc7 Rd8 34. Ra7 Rf8 35. b4 h5 36. f3 hxg4 37. hxg4 Qe3+ 38. Kg2 Qe2+ 39. Kg3 Qxd3 40. h3 Kh7
41. Qxe5 Qd8 42. Qh5+ Kg8 43. Qf5 Qb8+ 44. f4 Qxa7 45. e5 Qe3+ 46. Kh4 Re8 47. Kg5 Qxh3 48. Qd7 Qh6+ 49. Kf5 Qg6#
0-1

[Event "Game for Peace"]
[Site "SchemingMind.com"]
[Date "2016.02.14"]
[Round "-"]
[White "klapa"]
[Black "DANDYLIONHONEYBADGER"]
[Result "1-0"]
[WhiteCountry "POL"]
[BlackCountry "USA"]
[WhiteElo "1354"]
[WhiteRD "79"]
[BlackElo "1334"]
[BlackRD "59"]
[GameID "395198"]

1. e4 e5 2. Nc3 c6 3. d3 Nf6 4. Nf3 d5 5. Nxe5 Bd6 6. Bf4 Qc7 7. Be2 Be6 8. exd5 cxd5 9. d4 Bb4 10. Bb5+ Nc6
11. Ng6 hxg6 12. Bxc7 a6 13. Bxc6+ Bd7 14. Bxb7 Ra7 15. Qe2+ Be6 16. Bc6+ Kf8 17. Bb6 Re7 18. Qxa6 Kg8 19. O-O-O Bd6 20. g3 Kh7
21. h4 Kh6 22. f3 Bc8 23. Qd3 Bxg3 24. Qd2+ Kh7 25. h5 Nxh5 26. Qd3 Kg8 27. Bxd5 Be6 28. Bxe6 Rxe6 29. Ne4 Bf4+ 30. Kb1 Rxb6
31. Nc5 Ng3 32. Rxh8+ Kxh8 33. Nd7 Rd6 34. Nc5 Nf5 35. Rh1+ Kg8 36. Qe4 Ng3 37. Qe8#
1-0

[Event "Game for Peace"]
[Site "SchemingMind.com"]
[Date "2016.02.11"]
[Round "-"]
[White "berns"]
[Black "Transcendent"]
[Result "1-0"]
[WhiteCountry "ENG"]
[BlackCountry "ENG"]
[WhiteElo "1617"]
[WhiteRD "90"]
[BlackElo "1506"]
[BlackRD "53"]
[GameID "395199"]

1. d4 d5 2. c4 c6 3. Nf3 Nf6 4. Nc3 dxc4 5. a4 Bf5 6. e3 e6 7. Bxc4 Bb4 8. Bd2 Nbd7 9. b3 O-O 10. O-O Qe7
11. a5 Rac8 12. Ra4 b5 13. Nxb5 cxb5 14. Bxb4 Qd8 15. Bxb5 Bc2 16. Qa1 Bxb3 17. Ra3 Bd5 18. Bxf8 Qxf8 19. Bxd7 Nxd7 20. Rc3 Bxf3
21. gxf3
1-0

[Event "Game for Peace"]
[Site "SchemingMind.com"]
[Date "2016.02.11"]
[Round "-"]
[White "Transcendent"]
[Black "berns"]
[Result "0-1"]
[WhiteCountry "ENG"]
[BlackCountry "ENG"]
[WhiteElo "1506"]
[WhiteRD "53"]
[BlackElo "1617"]
[BlackRD "90"]
[GameID "395200"]

1. d4 Nf6 2. c4 g6 3. g3 Bg7 4. Bg2 O-O 5. Nc3 d6 6. Nf3 c5 7. d5 Nbd7 8. Bf4 b6 9. O-O Ba6 10. Nd2 Rb8
11. Rc1 b5 12. cxb5 Bxb5 13. Nxb5 Rxb5 14. b3 Qa8 15. Nc4 Nh5 16. Be3 a5 17. g4 Nhf6 18. g5 Nh5 19. Bf3 Qb8
0-1

[Event "Game for Peace"]
[Site "SchemingMind.com"]
[Date "2016.02.11"]
[Round "-"]
[White "Chessibelle"]
[Black "Stephen Woodhouse"]
[Result "0-1"]
[WhiteCountry "ENG"]
[BlackCountry "ENG"]
[WhiteElo "1199"]
[WhiteRD "61"]
[BlackElo "1805"]
[BlackRD "50"]
[GameID "395272"]

1. Nf3 e6 2. Nc3 d5 3. d4 Nf6 4. e3 c5 5. Be2 Nc6 6. O-O Bd6 7. g3 O-O 8. Ng5 h6 9. Nh3 Bd7 10. Qd3 Rc8
11. Nf4 Bxf4 12. exf4 Nxd4 13. Bd1 Qc7 14. a3 Bc6 15. Ne2 Nxe2+ 16. Qxe2 Rfd8 17. c3 d4 18. Qd3 dxc3 19. bxc3 Rxd3
0-1

[Event "Game for Peace"]
[Site "SchemingMind.com"]
[Date "2016.02.11"]
[Round "-"]
[White "Stephen Woodhouse"]
[Black "Chessibelle"]
[Result "1-0"]
[WhiteCountry "ENG"]
[BlackCountry "ENG"]
[WhiteElo "1805"]
[WhiteRD "50"]
[BlackElo "1199"]
[BlackRD "61"]
[GameID "395273"]

1. e4 e5 2. Nf3 Nc6 3. d4 f6 4. dxe5 fxe5 5. Bc4 h6 6. Nxe5 Nf6 7. Ng6 Rg8 8. Bxg8 Nxg8 9. Nxf8 Kxf8 10. O-O d6
11. Nc3 Qf6 12. Nd5 Qd8 13. Qf3+ Ke8 14. Qh5+ Kf8 15. Bd2 Be6 16. Bc3 Nf6 17. Nxf6 Bf7 18. Nh7+ Ke8 19. Qf5 g6 20. Nf6+ Ke7
21. Nd5+ Ke8 22. Qf4 Ne7 23. Nf6+ Kf8 24. Qxh6#
1-0

[Event "Game for Peace"]
[Site "SchemingMind.com"]
[Date "2016.02.13"]
[Round "-"]
[White "Kent"]
[Black "echecs"]
[Result "1-0"]
[WhiteCountry "USA"]
[BlackCountry "ENG"]
[WhiteElo "2289"]
[WhiteRD "67"]
[BlackElo "1793"]
[BlackRD "64"]
[GameID "395274"]

1. d4 d6 2. Nf3 c6 3. c4 Nf6 4. Nc3 a6 5. e4 e6 6. Bd3 Be7 7. O-O O-O 8. e5 dxe5 9. dxe5 Nfd7 10. Qc2 g6
11. Bh6 Re8 12. Rad1 Qc7 13. Rfe1 Bf8 14. Bxf8 Rxf8 15. Ne4 Kg7 16. Nd6 b5 17. c5 a5 18. Ng5 Na6 19. Ndxf7 Ndxc5 20. Bxg6 hxg6
21. Re3 Rxf7 22. Rh3 Rd7 23. Rh7+ Kf8 24. Rdxd7 Qxd7 25. Rxd7 Bxd7 26. Qxg6 Be8 27. Qf6+ Kg8 28. Qe7 Bg6 29. h4 Rb8 30. h5 Bf5
31. h6
1-0

[Event "Game for Peace"]
[Site "SchemingMind.com"]
[Date "2016.02.13"]
[Round "-"]
[White "echecs"]
[Black "Kent"]
[Result "0-1"]
[WhiteCountry "ENG"]
[BlackCountry "USA"]
[WhiteElo "1793"]
[WhiteRD "64"]
[BlackElo "2289"]
[BlackRD "67"]
[GameID "395275"]

1. e4 e6 2. d4 d5 3. e5 c5 4. c3 Nc6 5. Nf3 Qb6 6. a3 Nh6 7. b4 cxd4 8. cxd4 Nf5 9. Bb2 Bd7 10. Be2 Be7
11. O-O O-O 12. Qd3 f6 13. Rd1 fxe5 14. Nxe5 Nxe5 15. dxe5 Bh4 16. g3 Nxg3 17. Bd4 Qxd4 18. Qxd4 Nxe2+ 19. Kh1 Nxd4 20. Rxd4 Bxf2
21. Rd1 Bc6 22. Kg2 d4+ 23. Kh3 Rf3+ 24. Kg4 Raf8 25. Nd2 R8f4+ 26. Kg5 h6+ 27. Kg6 Be8#
0-1

[Event "Game for Peace"]
[Site "SchemingMind.com"]
[Date "2016.03.04"]
[Round "-"]
[White "Holty"]
[Black "clare1347"]
[Result "0-1"]
[WhiteCountry "ENG"]
[BlackCountry "ENG"]
[WhiteElo "1806"]
[WhiteRD "60"]
[BlackElo "2308"]
[BlackRD "91"]
[GameID "396324"]

1. d4 d5 2. Nf3 Nf6 3. e3 e6 4. Bd3 c5 5. b3 Nc6 6. Nbd2 Bd6 7. O-O O-O 8. Bb2 cxd4 9. exd4 Nh5 10. Ne5 Nf4
11. Ndf3 f6 12. Nxc6 bxc6 13. c3 e5 14. Bc2 e4 15. Nd2 f5 16. c4 Qh4 17. Qe1 Ne2+
0-1

[Event "Game for Peace"]
[Site "SchemingMind.com"]
[Date "2016.03.04"]
[Round "-"]
[White "clare1347"]
[Black "Holty"]
[Result "1-0"]
[WhiteCountry "ENG"]
[BlackCountry "ENG"]
[WhiteElo "2340"]
[WhiteRD "90"]
[BlackElo "1775"]
[BlackRD "61"]
[GameID "396325"]

1. d4 f5 2. g3 Nf6 3. Bg2 e6 4. c4 c6 5. Nh3 d6 6. O-O Be7 7. Nc3 O-O 8. d5 cxd5 9. cxd5 e5 10. Ng5 Na6
11. Ne6 Bxe6 12. dxe6 Rb8 13. Be3 b6 14. Qd3 Nc7 15. Qxf5 Nfd5 16. Qh3 Nxc3 17. bxc3 Bf6 18. c4 Qe7 19. Be4 g6 20. Bd5 Rbe8
21. a4 Nxe6 22. a5 Kh8 23. axb6 axb6 24. Bxb6 Ng5 25. Qg2 Qg7 26. Ra7 Qh6 27. h4 Ne6 28. Be3 g5 29. Rb1 Re7 30. Rxe7 Bxe7
31. Rb7 Qf6 32. Qh3 Nd4 33. hxg5 Qg7 34. Bxd4 exd4 35. f4 d3 36. exd3 Qa1+ 37. Kg2 Qe1 38. Qe6
1-0

[Event "Game for Peace"]
[Site "SchemingMind.com"]
[Date "2016.03.13"]
[Round "-"]
[White "David Perna-Fraser"]
[Black "Black Knight"]
[Result "1-0"]
[WhiteCountry "CAN"]
[BlackCountry "USA"]
[WhiteElo "2334"]
[WhiteRD "67"]
[BlackElo "1414"]
[BlackRD "64"]
[GameID "396751"]

1. e4 e5 2. Nf3 Nc6 3. Bc4 Nf6 4. d4 Nxe4 5. dxe5 Bc5 6. Qd5 Bxf2+ 7. Kf1 O-O 8. Qxe4 Bd4 9. Nxd4 Re8 10. Nxc6 bxc6
11. Nc3 d5 12. Nxd5 cxd5 13. Qxd5 Qxd5 14. Bxd5 Rb8 15. c4 Rxe5 16. b3 Bb7 17. Bxb7 Rxb7 18. Bb2 Rf5+ 19. Ke2 c5 20. Rhf1 Re7+
21. Kd2 Rd7+ 22. Kc2 Rg5 23. Rf2 Re7 24. Rd1 h6 25. Rd5 Rxd5 26. cxd5 Rd7 27. Rd2 g5 28. Ba3 c4 29. bxc4 Rc7 30. c5 Re7
31. d6 Re3 32. d7
1-0

[Event "Game for Peace"]
[Site "SchemingMind.com"]
[Date "2016.03.13"]
[Round "-"]
[White "Black Knight"]
[Black "David Perna-Fraser"]
[Result "0-1"]
[WhiteCountry "USA"]
[BlackCountry "CAN"]
[WhiteElo "1422"]
[WhiteRD "62"]
[BlackElo "2330"]
[BlackRD "64"]
[GameID "396752"]

1. e4 e5 2. Nf3 Nf6 3. Nc3 Bb4 4. d3 d5 5. Nxe5 O-O 6. Bd2 Re8 7. Nf3 dxe4 8. dxe4 Nxe4 9. Nxe4 Rxe4+ 10. Be2 Bxd2+
11. Nxd2 Rd4 12. O-O Rxd2 13. Qe1 Rd6 14. Rd1 Rxd1 15. Qxd1 Qxd1 16. Rxd1 Nc6 17. Bb5 Be6 18. Bxc6 bxc6 19. f4 g6 20. h3 Kf8
21. g4 Ke7 22. Re1 f5
0-1